D. Evaristo de Churruca y Brunet, primer conde de Motrico : (Record no. 39294)

MARC details
000 -LEADER
campo de control de longitud fija 00799nam a2200217 i 4500
001 - NÚMERO DE CONTROL
campo de control 39294
003 - IDENTIFICADOR DE NÚMERO DE CONTROL
campo de control ES-MaACL
005 - FECHA Y HORA DE LA ÚLTIMA TRANSACCIÓN
campo de control 20230906155934.0
007 - CAMPO FIJO DE DESCRIPCIÓN FÍSICA--INFORMACIÓN GENERAL
campo de control de longitud fija t|
008 - DATOS DE LONGITUD FIJA--INFORMACIÓN GENERAL
campo de control de longitud fija 030227s1961 sp ||||1| spa d
080 ## - NÚMERO DE LA CLASIFICACIÓN DECIMAL UNIVERSAL
Número de la Clasificación Decimal Universal 929 Churruca y Brunet, Evaristo de, conde de Motrico
100 1# - ENTRADA PRINCIPAL--NOMBRE DE PERSONA
Nombre de persona Calle Iturrino, Esteban.
9 (RLIN) 33706
245 10 - MENCIÓN DEL TÍTULO
Título D. Evaristo de Churruca y Brunet, primer conde de Motrico :
Resto del título héroe civil, vencedor del mar y propulsor de la prosperidad económica de Vizcaya /
Mención de responsabilidad, etc. E. Calle Iturrino.
260 ## - PUBLICACIÓN, DISTRIBUCIÓN, ETC.
Lugar de publicación, distribución, etc. Bilbao :
Nombre del editor, distribuidor, etc. Junta de Cultura de Vizcaya,
Fecha de publicación, distribución, etc. 1961.
300 ## - DESCRIPCIÓN FÍSICA
Extensión 207 p., 32 lám. ;
Dimensiones 21 cm.
600 14 - PUNTO DE ACCESO ADICIONAL DE MATERIA--NOMBRE DE PERSONA
Nombre de persona Churruca, Evaristo de.
9 (RLIN) 38713
710 1# - ENTRADA AGREGADA--NOMBRE DE ENTIDAD CORPORATIVA
Nombre de entidad corporativa o nombre de jurisdicción como elemento de entrada Junta de Cultura de Vizcaya.
9 (RLIN) 5386
852 4# - LOCALIZACIÓN
Ubicación ES-MaACL
Número de control de estantería C-20446
852 4# - LOCALIZACIÓN
Ubicación ES-MaACL
Número de control de estantería C-21623
852 4# - LOCALIZACIÓN
Ubicación ES-MaACL
Número de control de estantería C-56512
Holdings
Estatus retirado Estado de pérdida Estado de daño No para préstamo Biblioteca de origen Biblioteca actual Ubicación en estantería Fecha de adquisición Fuente de adquisición Total de préstamos Signatura topográfica completa Código de barras Visto por última vez Precio de reemplazo Tipo de ítem Koha
        Biblioteca del Ateneo de Madrid Biblioteca del Ateneo de Madrid Depósito 2 17/01/2008     C-56512 1041381 23/02/2023 23/02/2023 Libro impreso
        Biblioteca del Ateneo de Madrid Biblioteca del Ateneo de Madrid Galería 17/01/2008     C-20446 1041379 23/02/2023 23/02/2023 Libro impreso
        Biblioteca del Ateneo de Madrid Biblioteca del Ateneo de Madrid Galería 17/01/2008     C-21623 1041380 23/02/2023 23/02/2023 Libro impreso